000 00924cam a22003014i 4500
999 _c33941
_d33941
001 3258
003 CO-MdFUSB
005 20180922093813.0
008 180213t1959 xxu||||| |||| 00| 0 eng d
020 _a0-06-067991-3
040 _aCO-MdFUSB
_bspa
_cCO-MdFUSB
_dCO-MdFUSBC
_erda
041 0 _aeng
082 0 4 _aG 226.8
_223
_bT431w
100 1 _aThielicke, Helmut (1908-)
_eautor
245 4 _aThe Waiting Father
_c / Helmut Thielicke ; traductor John W. Doberstein
264 4 _aSan Francisco, USA :
_bHarper and Row,
_c℗[1959]
264 4 _c©1959
300 _a192 páginas ;
_c21 cm
336 _2rdacontent
_atexto
_btxt
337 _2rdamedia
_asin mediación
_bn
338 _2rdacarrier
_avolumen
_bnc
650 7 _aSermones
_9283
650 7 _aIglesias protestantes
_9222
653 _aParábolas bíblicas - Sermones
653 _aIglesia luterana - Sermones
942 _cBK